00503nam a2200169 u 450000100070000000500170000700800410002403500110006504000130007604100080008905000060009724500630010326000800016630000080024665000540025465000250030859337120260506084556.0000509s1991 spa  a593371 ccomduadb aspa 4aF10aBibliografia sobre la violencia en Medellin y el sicariato aMedellín :bUniversidad de Antioquia. Departamento de Bibliotecas,c1991. a8p. 7aViolenciazMedellín (Antioquia, Colombia)2lemb aSicariato - Medellin